000 00786 a2200205 4500
020 _a1888777745
040 _aDLC
082 0 0 _a822.33
100 1 _aShakespeare, William,
245 1 4 _aThe library Shakespeare
_cJohn Gilbert, George Cruikshank, and R. Dudley.
250 _aMillenium ed.
260 _a[UK] :
_bTrident Press International,
_cc1999-
300 _a396, 406, 476 p. :
_bill. ;
_c31 cm.
500 _aOriginally published: London, Wm. Mackenzie, [1873-75]. Reprinted from an original 3 volume 19th century manuscript.
505 0 _avol. 1. Comedies -- vol. 2. Tragedies -- vol. 3. Historical plays, &c.
700 1 _aGilbert, John,
_d1817-1897.
700 1 _aCruikshank, George,
_d1792-1878.
700 1 _aDudley, Robert,
_dfl. 1858-1893.
942 _cBK
_k822.33 SHA
_2ddc
999 _c4794
_d4794